|
|
|
|
| LEADER |
00875nam a2200229 a 4500 |
| 001 |
4611918 |
| 008 |
090615s1978 ilua b 001 0 eng d |
| 010 |
|
|
|a 77013852
|
| 020 |
|
|
|a 0226469743
|
| 040 |
|
|
|a DLC
|c DLC
|d DLC
|
| 082 |
0 |
0 |
|a 158.7
|2 18
|
| 100 |
1 |
|
|a Leavitt, Harold J.
|
| 245 |
1 |
0 |
|a Managerial psychology :
|b an introduction to individuals, pairs, and groups in organizations /
|c Harold J. Leavitt.
|
| 250 |
|
|
|a 4th ed.
|
| 260 |
|
|
|a Chicago :
|b University of Chicago Press,
|c 1978.
|
| 300 |
|
|
|a x, 385 p. :
|b ill. ;
|c 24 cm.
|
| 504 |
|
|
|a Includes Bibliography (p. 362-374.) and index.
|
| 541 |
1 |
|
|e 00002483
|
| 650 |
|
0 |
|a Psychology, Industrial.
|
| 852 |
4 |
|
|a Ayesha Abed Library
|j General shelf
|
| 999 |
|
|
|c 1388
|d 1388
|
| 952 |
|
|
|0 0
|1 0
|2 ddc
|4 0
|6 158_700000000000000_LEA
|7 0
|9 1268
|a BRACUL
|b BRACUL
|c GEN
|d 2009-06-25
|g 3008.00
|l 0
|o 158.7 LEA
|p 3010002483
|r 2009-06-25
|t 1
|w 2009-06-25
|y BK
|